[Event "RUS-Cup final"]
[Site "Samara"]
[Date "1998.09.08"]
[Round "10"]
[White "Volkov, Sergey"]
[Black "Dvoirys, Semen I"]
[Result "1-0"]
[WhiteElo "2605"]
[BlackElo "2585"]
[Annotator "Ftacnik,L"]
[PlyCount "65"]
[EventDate "1998.08.??"]
[EventType "tourn"]
[EventRounds "11"]
[EventCountry "RUS"]
[SourceTitle "CBM 067"]
[Source "ChessBase"]
[SourceDate "1998.11.30"]
[SourceVersion "2"]
[SourceVersionDate "1998.11.01"]
[SourceQuality "1"]

1. d4 Nf6 2. c4 g6 3. Nc3 d5 4. cxd5 Nxd5 5. e4 Nxc3 6. bxc3 Bg7 7. Be3 c5 8.
Qd2 Qa5 9. Rb1 b6 10. Bb5+ Bd7 11. Be2 O-O 12. Rc1 Rd8 13. d5 (13. Nf3 Bb5 $1
14. O-O cxd4 15. Bxb5 Qxb5 16. cxd4 Nc6 17. d5 Na5 $11) 13... Qa4 14. f3 (14.
Bd3 $6 e6 15. Ne2 exd5 16. exd5 Bg4 $1 17. Nf4 Bc8 $1 {><c4, Nf4} 18. O-O Nd7
19. Bc2 $2 Qxa2 20. Nh5 Nf6 $6 (20... Bh8 21. Bg5 Re8 22. d6 Bb7 23. Be7 Qc4
$17) 21. Nxg7 Rxd5 22. Qe2 Ba6 23. Qf3 Kxg7 24. Rfe1 Re8 $1 {0-1 Epishin,
V-Gurevich,I/New York 1993 (46)}) (14. c4 Na6 $1 {/\} 15. Bd1 Qa3 16. Ne2 Nb4)
14... Na6 (14... Bb5 15. Bxb5 Qxb5 16. Ne2 e6 $11) 15. Bg5 f6 16. Bh6 e6 $1 17.
h4 (17. Bxg7 Kxg7 18. Bxa6 $6 (18. Nh3 $2 exd5 19. exd5 Bxh3 20. gxh3 Qh4+ $19)
18... Qxa6 19. c4 (19. Ne2 exd5 20. exd5 Qc4 $17) 19... Rac8 20. Ne2 b5 $15)
17... Nc7 (17... Bxh6 18. Qxh6 exd5 (18... Qxa2 19. h5 Be8 20. dxe6 $16) 19. h5
Be8 20. Nh3 dxe4 21. hxg6 Bxg6 22. Nf4 $16) 18. h5 g5 (18... Be8 19. hxg6 Bxg6
20. Bxg7 Kxg7 21. Qh6+ Kf7 22. Nh3 $40) 19. Bxg7 Kxg7 20. h6+ (20. Nh3 exd5 21.
Nxg5 h6 22. Qf4 $13) 20... Kh8 21. Bd1 Qa3 $1 {[%mdl 32] The queen is an
unpleasant attacker, white's development is far from complete.} (21... Qa5 22.
c4 Qxd2+ 23. Kxd2 $14) 22. Nh3 exd5 23. Nxg5 (23. exd5 Bxh3 24. Rxh3 Nxd5 $19)
23... Rf8 (23... fxg5 24. Qxg5 Ne8 (24... Ne6 25. Qf6+ Kg8 26. Rh4 $18) 25. Rh4
dxe4 26. Qe5+ Kg8 27. Bb3+ $18) 24. Qf4 Rae8 (24... Nb5 25. Qd2 Nd6 $17 (25...
d4 26. Bb3 $1 $13)) 25. Rc2 (25. Qxc7 Qxc1 26. Qxd7 Qxg5 27. Rh5 Qg3+ $19)
25... Nb5 26. Be2 c4 (26... Nxc3 $1 $17) 27. Rh5 Nxc3 28. Bxc4 $5 {[%mdl 512]
White is using the special rights of terminally ill patient, he can afford
more since the situation is hopeless anyway.} fxg5 (28... dxc4 $1 29. Qd2 Nxe4
(29... Nb1 30. Qxd7 Qe3+ 31. Kd1 Qd3+ 32. Qxd3 cxd3 33. Rc1 fxg5 34. Rxb1 g4
35. Rf5 $11) 30. Nxe4 Qd3 $19) 29. Qe3 $1 (29. Qxg5 Qe7 30. Bxd5 Qxg5 31. Rxg5
Nxd5 32. Rxd5 $17) 29... Nb5 (29... dxc4 $2 30. Qd4+ $18) 30. Qxg5 Qb4+ (30...
Qe7 $1 31. Qg7+ Qxg7 32. hxg7+ Kxg7 33. Rxd5 Bc6 34. Rxb5 Bxb5 35. Bxb5 $15)
31. Rd2 Re7 $2 {Switching the gear is especially difficult when the player had
winning position for a long time. Black had to worry about his safety.} (31...
Qe7 32. Qg7+ Qxg7 33. hxg7+ Kxg7 34. Rhxd5 Bc6 35. Bxb5 Bxd5 36. Bxe8 Bxe4 $11)
32. Qxd5 a6 $6 (32... Qc5 33. Qxc5 bxc5 34. Rxc5 $16) 33. Rg5 $1 (33. Rg5 $1
Rff7 (33... Ree8 34. Qxd7 $18) 34. Qxf7 Rxf7 35. Bxf7 Qf8 36. Rxd7 $18) 1-0

[Event "RUS-ch"]
[Site "Elista"]
[Date "1995.??.??"]
[Round "11"]
[White "Solozhenkin, Evgeniy"]
[Black "Daniliuk, Sergey"]
[Result "1/2-1/2"]
[WhiteElo "2515"]
[BlackElo "2390"]
[Annotator "Ftacnik,L"]
[PlyCount "57"]
[EventDate "1995.10.??"]
[EventType "swiss"]
[EventRounds "11"]
[EventCountry "RUS"]
[SourceTitle "CBM 050"]
[Source "ChessBase"]
[SourceDate "1996.02.01"]
[SourceVersion "1"]
[SourceVersionDate "1996.02.01"]
[SourceQuality "1"]

1. d4 Nf6 2. c4 g6 3. Nc3 d5 4. cxd5 Nxd5 5. e4 Nxc3 6. bxc3 Bg7 7. Nf3 c5 8.
Rb1 O-O 9. Be2 cxd4 10. cxd4 Qa5+ 11. Bd2 Qxa2 12. O-O Bg4 13. Bg5 h6 14. Be3
Nc6 15. d5 Ne5 $5 {I must confirm, that this seldom played move is probably
choice of the future, as 15...Na5 is taking too much beating lately.} (15...
Na5 16. Bc5) 16. Rxb7 e6 17. d6 Rfd8 18. Re1 Bxf3 19. gxf3 Qa3 20. f4 (20. d7
Qe7 21. Bb5 Qh4 22. Bf1 {1/2-1/2/Gelfand,B-Ivanchuk,V/Manila izt (07)/1990/})
20... Rxd6 21. Qc2 Rc6 (21... Nc6 22. Bc5 Qa5 (22... Nd4 $2 23. Bxa3 Nxc2 24.
Bxd6 Nxe1 25. Rc7 {xNe1}) (22... Qc3 23. Qxc3 Bxc3 24. Rc1 Rd2 25. Rxc3 Rxe2
26. Rc7 $13) 23. Bxd6 Qxe1+ 24. Kg2 Rd8 25. e5 $13) 22. Qd2 (22. Qb1 $5 Nc4 23.
Rxf7 Qa5 (23... Bc3 $6 24. Qb7 Rac8 25. e5 $1 $18) 24. Rd1 Kxf7 25. Qb7+ Rc7
26. Qxa8 Nxe3 27. fxe3 Qc5 $15) 22... Rd6 (22... Nc4 $2 23. Qd7 $18) (22... Qa6
23. Reb1 Nc4 24. Qd7 $14) 23. Rb3 $5 {Very fine move, that puts black position
under most serious test.} Qxb3 (23... Rxd2 24. Rxa3 Rxe2 25. Rxe2 Nf3+ 26. Kg2
Nd4 27. Rd2 $16) 24. Qxd6 Nc4 $1 (24... Qc2 25. fxe5 Qxe4 26. Qd4 $16) 25. Qc6
Nxe3 26. Qxa8+ Kh7 27. Qxa7 (27. fxe3 Qxe3+ 28. Kh1 Bc3 $15) 27... Qc3 28. Rb1
(28. Qxe3 Qxe1+ $10) 28... Qc2 29. Qxe3 (29. Qb6 Bd4 30. Qb5 Qxe4 31. Qb7 Qxf4
$13) 1/2-1/2

[Event "New York op"]
[Site "New York"]
[Date "1998.03.19"]
[Round "6"]
[White "Granda Zuniga, Julio E"]
[Black "Lein, Anatoly"]
[Result "1-0"]
[WhiteElo "2630"]
[BlackElo "2465"]
[Annotator "Ftacnik,L"]
[PlyCount "63"]
[EventDate "1998.03.16"]
[EventType "swiss"]
[EventRounds "9"]
[EventCountry "USA"]
[SourceTitle "CBM 064"]
[Source "ChessBase"]
[SourceDate "1998.06.02"]
[SourceVersion "1"]
[SourceVersionDate "1998.06.02"]
[SourceQuality "1"]

1. d4 Nf6 2. c4 g6 3. Nc3 d5 4. cxd5 Nxd5 5. e4 Nxc3 6. bxc3 Bg7 7. Bb5+ c6 8.
Ba4 O-O 9. Ne2 c5 10. O-O cxd4 11. cxd4 Nc6 12. Be3 Na5 (12... Bg4 13. f3 Bd7
14. Rc1 a6 (14... Rc8 15. d5 Ne5 16. Qb3 Bxa4 17. Qxa4 Qd7 18. Qxd7 Nxd7 {
1-0 Dragomarezkij,E-Rudolf,M/Warsaw op 1992 (39)}) 15. d5 Ne5 16. Bb3 b5 17. f4
Nc4 18. Bxc4 bxc4 19. Bd4 Bxd4+ 20. Qxd4 Rc8 21. Nc3 {1-0 Marzik,H-Lang,M/
OLWuert 1991 (30)}) (12... Bd7 13. Rb1 (13. Rc1 e6 14. Kh1 Na5 15. d5 exd5 16.
exd5 Bxa4 17. Qxa4 Qxd5 18. Nf4 Qd8 19. Rfd1 Qg5 20. Rd5 Qh4 21. Qxa5 {1-0
Lazarev,V-Vegh,J/Geneva op 1997}) 13... Na5 14. Bc2 e6 15. Bd3 a6 16. Qd2 Rc8
17. Bg5 f6 18. Bh6 b5 19. Bxg7 Kxg7 20. Qf4 Qc7 21. Qh4 Qd6 22. Rbd1 {1-0
Shevelev,S-Pytel,K/Bethune op 1992 (41)}) (12... Qa5 13. Rc1 Rd8 14. d5 Ne5 15.
Bb3 (15. Bc5 Bg4 16. f3 Bd7 17. Bb3 e6 18. f4 Ng4 19. Bd4 Bb5 20. dxe6 Bxd4+
21. Nxd4 Qb6 22. exf7+ Kf8 23. Qxg4 Bxf1 24. Rxf1 Rxd4 25. Kh1 Rxe4 {0-1
Koskinen,H-Salokangas,H/FIN-chT 1992 (38)}) 15... e6 16. Nd4 exd5 17. Bxd5 Rxd5
18. exd5 Qxd5 19. Nb5 Qxd1 20. Rfxd1 Bd7 21. Nxa7 Be6 22. Nb5 Bxa2 {Czerwonski,
A-Salokangas,H/EUCup Gr3 1994/1-0 (50)}) (12... e6 13. Rb1 Na5 14. Bd2 Nc6 15.
Bc3 Qh4 16. Qc2 Rd8 17. Rfd1 (17. Bxc6 bxc6 18. Ba5 Ba6 19. Bxd8 Rxd8 20. Rfd1
Bxe2 21. Qxe2 Bxd4 22. g3 $14) 17... Bd7 18. g3 Qe7 19. d5 exd5 20. Bxg7 Kxg7
21. Rxb7 Ne5 22. Bxd7 Rxd7 23. Rxd7 Qxd7 24. exd5 {Xu Jun-Dvoirys,S/Biel izt
1993/1-0 (67)}) 13. Rc1 Bd7 14. d5 b5 15. Bb3 Nxb3 16. Qxb3 Qb8 (16... Qa5 17.
Bd4 Rfc8 18. Bxg7 Kxg7 19. Qb2+ Kg8 20. Nd4 Rxc1 21. Rxc1 Rc8 22. Rxc8+ Bxc8
23. Qc1 Bb7 24. Nc6 {1-0 Belozerov,A-Petrov,A/RUS-chT 1997 (29)}) 17. Nd4 Qb7 (
17... Bxd4 $6 18. Bxd4 Rc8 19. Qe3 $16) (17... Qe5 18. f3 $16) 18. Nc6 e6 (
18... Bxc6 19. dxc6 $16) 19. Rc5 exd5 20. exd5 {White masterfully takes
advantage of the c6 stronghold, despite bishops pair black faces an uphill
struggle.} (20. Ne7+ Kh8 21. Nxd5 Rac8 22. Rfc1 Rxc5 23. Rxc5 Rc8 $11) 20... a6
21. Ne7+ Kh8 22. Qb4 a5 (22... Rfe8 23. d6 a5 24. Qf4 Be6 25. Bd4 Bxa2 26. Rc7
Qa6 27. Nxg6+ fxg6 28. Qh6 $18) 23. Qf4 b4 (23... Qb8 24. Rc7 (24. d6 Be6 25.
a3 Bc4 26. Re1 $16) 24... Qe8 25. Bc5 $16) 24. Rc7 Qb5 25. Bd4 $1 {Black
correctly tries to get counterplay with pawn push on the queenside, white is
forced to be efficient on the other half of the board.} Bxd4 (25... a4 26. Qf6
$1 Rg8 $8 27. Qxf7 Bxd4 28. Nxg8 Rxg8 29. Rxd7 Bg7 30. Re1 $18) 26. Qxd4+ f6
27. Re1 Rf7 (27... a4 $2 28. Nc6 $1 Rae8 (28... Bxc6 29. Ree7 $18) 29. Rxe8
Bxe8 30. Qa7 $1 $18) 28. h4 $6 (28. d6 $1 Re8 (28... a4 29. Nd5 $18) (28... Kg7
29. Nd5 Raf8 30. Re7 $18) 29. Qa7 Bf5 30. Rb7 $18) 28... Kg7 $2 (28... a4 $1
29. d6 b3 30. Nd5 Raf8 (30... bxa2 31. Nxf6 Qb1 32. Nxd7+ Kg8 33. Nf6+ Kf8 34.
Qe5 $18) 31. axb3 axb3 $14) 29. h5 $1 gxh5 (29... Re8 30. d6 gxh5 31. Rc5 Qa4
32. Qd5 $18) (29... a4 30. hxg6 hxg6 31. Qe4 f5 32. Qe5+ Kh7 33. Qd6 $18) 30.
Re6 $1 {Granda Zuniga shows a lot of phantasy in the attack. First he
destroyed the king shelter and then he brings the pieces closer to the target.}
Re8 (30... Bxe6 31. dxe6 Rc8 (31... Rff8 32. Nd5+ Kg6 33. Qe4+ f5 34. Qe5 $18)
32. Rxc8 (32. Nf5+ $2 Qxf5 33. Rxf7+ Kg6 $17) 32... Rxe7 33. Rc5 $1 Qe8 34.
Rg5+ $18) (30... a4 31. Nf5+ Kg6 32. Nd6 $18) 31. Nf5+ Kg6 (31... Kf8 32. Rxf6
Re1+ 33. Kh2 $18) 32. Nd6 (32. Nd6 Qa4 33. Qd3+ Kg7 34. Rxd7 $1 $18) 1-0

[Event "RUS-chT 06th"]
[Site "St Petersburg"]
[Date "1999.05.24"]
[Round "9"]
[White "Sergienko, Sergey"]
[Black "Babiy, Anatoly"]
[Result "1-0"]
[WhiteElo "2387"]
[BlackElo "2471"]
[Annotator "Ftacnik,L"]
[PlyCount "87"]
[EventDate "1999.05.16"]
[EventType "team-tourn"]
[EventRounds "9"]
[EventCountry "RUS"]
[SourceTitle "EXT 2020"]
[Source "ChessBase"]
[SourceDate "2019.10.17"]
[SourceVersion "1"]
[SourceVersionDate "2019.10.17"]
[SourceQuality "1"]
[WhiteTeam "Voronezh OShK"]
[BlackTeam "Vladivostok DVGU"]
[WhiteTeamCountry "RUS"]
[BlackTeamCountry "RUS"]

1. d4 Nf6 2. c4 g6 3. Nc3 d5 4. cxd5 Nxd5 5. Bd2 Bg7 6. e4 Nb6 7. Be3 c6 8. h3
Be6 9. Nf3 O-O 10. Be2 Bc4 11. O-O N8d7 12. b3 (12. Bg5 Re8 (12... Bxe2 13.
Qxe2 Re8 14. Rac1 Nf8 15. Rfd1 h6 16. Be3 e6 17. e5 Nfd7 18. Ne4 Rf8 19. Qd3
Nd5 20. h4 Qe7 21. h5 {1/2-1/2 Beikert,G-Banas,J/Viernheim/1992/ (28)}) 13.
Bxc4 Nxc4 14. Qe2 Ncb6 15. Rfd1 h6 16. Bh4 Nf6 17. Bg3 Qd7 18. e5 Nfd5 19. Ne4
Nc7 20. Nc5 Qc8 21. Nd2 Nbd5 {0-1 Adler,J-Ivacic,V/Bled/1992/ (38)}) (12. Rc1
Re8 13. b3 Bxe2 14. Qxe2 e5 15. Rfd1 exd4 16. Bxd4 Qe7 17. Bxg7 Kxg7 18. Re1
Ne5 19. Nxe5 Qxe5 20. Qe3 Rad8 21. Rcd1 {1/2-1/2 Sergienko,S-Yandemirov,V/St.
Petersburg/ 1999/ (25)}) 12... Bxe2 13. Qxe2 e5 (13... c5 14. dxc5 Bxc3 15.
Rac1 Bg7 (15... Na4 16. bxa4 Bg7 17. Qb5 $16) 16. cxb6 Nxb6 17. Rfd1 $16) 14.
Rad1 exd4 15. Bxd4 (15. Nxd4 c5 16. Ndb5 a6 17. Nd5 axb5 18. Nxb6 Qxb6 19. Rxd7
Rfe8 $11) 15... Re8 16. Bxg7 Kxg7 17. Rd4 $1 {[%mdl 32] Black has a very solid
position with no weaknesses, but white can hope to build up along the only
open file with heavy pieces.} Qe7 (17... Qf6 18. Rfd1 $14) 18. Rfd1 Ne5 (18...
Rad8 19. Qd2 $16) 19. Nxe5 Qxe5 20. Qd2 Re7 $2 (20... Qe7 $5 21. f4 f6 $14) 21.
f4 Qc5 22. Kh2 f6 23. b4 $1 Qh5 24. Rd8 {With black queen so badly out of play
white can claim great advantage with the timely intrusion along the d file.} g5
(24... Rxd8 25. Qxd8 Rf7 26. Qb8 a6 27. Rd8 $18) 25. Rxa8 Nxa8 26. Qd8 Qe8 (
26... Re8 $6 27. Rd7+ Kg8 28. Qxf6 $18) 27. Qxe8 Rxe8 28. Rd7+ Kg8 (28... Kh6
29. Rxb7 gxf4 30. Rxa7 $16) 29. fxg5 fxg5 30. Rxb7 Nb6 31. Rxa7 {Two solid
pawns should be enough for win without much of a problem.} Nc4 32. a4 Rd8 (
32... Nd6 33. Rc7 Nxe4 34. Rxc6 $18) 33. e5 (33. Rc7 Rd3 34. Ne2 Rb3 35. a5
Rxb4 36. a6 $18) 33... Nxe5 (33... Rd3 34. Ne4 Nxe5 35. Nf6+ Kf8 36. Nxh7+ $18)
34. Ne4 h6 35. a5 Nd3 (35... Rd4 36. Nf6+ Kf8 37. Rb7 $18) 36. Rb7 Ra8 (36...
Rd4 37. Nf6+ Kf8 38. a6 $18) 37. Kg3 Ne5 38. Nc5 Nf7 (38... Kf8 39. a6 $18) 39.
a6 Kg7 40. Rc7 Kg6 41. Rxc6+ Kf5 42. b5 Ne5 43. Rxh6 Rc8 44. a7 1-0

[Event "Edinburgh m"]
[Site "Edinburgh"]
[Date "1997.12.17"]
[Round "4"]
[White "Hillarp Persson, Tiger"]
[Black "Rowson, Jonathan"]
[Result "0-1"]
[WhiteElo "2445"]
[BlackElo "2490"]
[Annotator "Ftacnik,L"]
[PlyCount "86"]
[EventDate "1997.12.14"]
[EventType "match"]
[EventRounds "6"]
[EventCountry "SCO"]
[SourceTitle "CBM 063"]
[Source "ChessBase"]
[SourceDate "1998.03.26"]
[SourceVersion "1"]
[SourceVersionDate "1998.03.26"]
[SourceQuality "1"]

1. d4 Nf6 2. c4 g6 3. Nc3 d5 4. cxd5 Nxd5 5. e4 Nxc3 6. bxc3 c5 7. Be3 Bg7 8.
Qd2 Qa5 9. Nf3 O-O 10. Rc1 cxd4 11. cxd4 Qxd2+ 12. Kxd2 Rd8 13. Rc7 (13. Bb5
Bg4 (13... Nc6 14. Bxc6 bxc6 15. Rc5 Bb7 16. Rb1 Rd7 17. Ke1 Rad8 18. e5 Ba8
19. Ng5 Rb7 20. Rxb7 Bxb7 21. f3 {1/2-1/2 Foisor,O-Chandler,M/Bucharest 1980 
(37)}) 14. Rc7 Nc6 (14... a6 15. Bd3 Bxf3 16. gxf3 e6 17. d5 exd5 18. exd5 Nd7
19. Bg5 Bf6 20. Bh6 Nb6 21. Rxb7 Nxd5 22. Rc1 {1/2-1/2 Djurhuus,
R-Steingrimsson,H/Gausdal Int 1994 (37)}) 15. d5 e6 (15... Rab8 16. Bxc6 (16.
Bf4 Bxf3 17. gxf3 e6 18. Bxc6 bxc6 19. Rxc6 Rb2+ 20. Rc2 exd5 21. Rxb2 Bxb2 {
1/2-1/2 Tomaszewski,R-Schmidt,W/Polanica Zdroj 1980 (36)}) 16... bxc6 17. Rxc6
e6 18. d6 Rb2+ 19. Kd3 Rxa2 20. Rhc1 e5 21. R1c2 Bd7 22. R6c5 Rxc2 23. Kxc2 f6
{Tseitlin,M-Schmidt,W/Lodz 1980}) 16. Ng5 exd5 17. Nxf7 Rdc8 18. Rxc8+ Rxc8 19.
Nd6 Rc7 20. Rc1 dxe4 21. Nxb7 Rd7+ 22. Ke1 Rxb7 23. Bxc6 {1-0 Ftacnik,
L-Smejkal,J/CSR-ch 1979 (33)}) 13... Nc6 14. d5 (14. Bd3 Nxd4 15. Nxd4 Bxd4 16.
Bxd4 Rxd4 17. Rxe7 Be6 18. Ke3 Rad8 19. Bb1 Rb4 20. Rc1 Rb2 {0-1 Kuhn,M-Grimm,
S/BL2-W 1991 (40)}) 14... e6 15. Bg5 f6 16. Kc1 fxg5 {White is playing with
phantasy, but the whole concept feels wrong. The kingside is still undeveloped
and the king will be far from safe on c1.} (16... exd5 17. exd5 Nb4 18. Bc4 b5
19. Bb3 (19. Bd2 Na6 $19) 19... fxg5 20. d6+ Kh8 21. Nxg5 Nd3+ 22. Kb1 Ne5 23.
f4 Nc4 24. Nf7+ Kg8 25. Bxc4 bxc4 26. Nxd8 Bf5+ 27. Kc1 Rxd8 {0-1 Kotlyar,
G-Ftacnik,L/Reno op 1991 (32)}) 17. dxc6 g4 (17... bxc6 18. Bc4 (18. Be2 g4 19.
Nd2 h5 20. Rd1 Be5 21. Rxc6 Bxh2 $17) 18... g4 19. Rxc8 Raxc8 20. Bxe6+ Kf8 21.
Bxc8 gxf3 22. Bh3 $15) 18. Bc4 (18. Ne1 bxc6 $15) 18... gxf3 19. cxb7 Bh6+ 20.
Kc2 $8 (20. Kb1 fxg2 21. Rg1 Rb8 $19) 20... Bxb7 21. Bxe6+ Kh8 22. Rxb7 {
The fate of two kings speaks volumes, black sits in safety while his
counterpart will have to face to the black's tune.} fxg2 23. Rg1 Rd2+ 24. Kb3
Rxf2 25. e5 (25. Bh3 $2 Rf3+ $19) 25... Rd8 (25... Re8 26. Bd5 Rxe5 27. Rxg2
Rxg2 28. Bxg2 Re2 29. Bd5 $15) (25... Be3 26. Bh3 Bb6 27. Bxg2 Re8 $17) 26. Bd7
Bg7 (26... Bf4 27. e6 Bxh2 28. e7 Rg8 29. Rxg2 Rxg2 30. e8=Q Rxe8 31. Bxe8 a5
$19) 27. Bc6 (27. e6 $2 Rb2+ 28. Kc4 Rxb7 $19) 27... Bxe5 {It becomes quite
obvious, that white's concept was faulty. Black is on the verge of winning all
his pawns.} 28. Rxg2 (28. Bxg2 Bxh2 29. Re1 Rxg2 30. Ree7 Rg3+ 31. Kc4 Rh3 $19)
28... Rd3+ 29. Kc4 (29. Kb4 Rxg2 30. Bxg2 Rd2 31. Bc6 Rxa2 $19) 29... Rc3+ 30.
Kb5 a6+ 31. Ka5 $8 (31. Kb4 Rf4+ 32. Ka5 Rxc6 $19) (31. Kb6 Rxc6+ 32. Kxc6 Rxg2
$19) 31... Ra3+ 32. Kb4 (32. Kb6 Bd4+ 33. Kc7 Rxg2 34. Bxg2 Rxa2 $19) 32...
Bd6+ 33. Kc4 Rxg2 34. Bxg2 Rxa2 35. Bc6 (35. Kd5 Rxg2 36. Kxd6 Rxh2 $19) 35...
Bxh2 36. Kd5 Re2 37. Ra7 a5 38. Bd7 (38. Rxa5 $2 Re5+) 38... Re5+ 39. Kd6 Kg7
$1 {Spells the end of the fight, since white's last chance was the cornering
of black monarch.} 40. Be6+ Kh6 41. Ke7 (41. Bg8 $2 Re8+ $19) 41... Kg5 42. Kf7
Kh4 43. Ra6 g5 (43... g5 44. Kg7 h5 $19) 0-1

[Event "Madrid Magistral 6th"]
[Site "Madrid"]
[Date "1997.05.22"]
[Round "2"]
[White "Piket, Jeroen"]
[Black "Polgar, Judit"]
[Result "0-1"]
[WhiteElo "2640"]
[BlackElo "2645"]
[Annotator "Ftacnik,L"]
[PlyCount "60"]
[EventDate "1997.06.??"]
[EventType "tourn"]
[EventRounds "9"]
[EventCountry "ESP"]
[EventCategory "17"]
[SourceTitle "CBM 059"]
[Source "ChessBase"]
[SourceDate "1997.08.01"]
[SourceVersion "1"]
[SourceVersionDate "1997.08.01"]
[SourceQuality "1"]

1. d4 Nf6 2. c4 g6 3. Nc3 d5 4. Nf3 Bg7 5. cxd5 Nxd5 6. e4 Nxc3 7. bxc3 c5 8.
Rb1 O-O 9. Be2 cxd4 10. cxd4 Qa5+ 11. Qd2 Qxd2+ 12. Bxd2 b6 13. O-O Bb7 14. d5
Rc8 15. Bb4 (15. Rfc1 Nd7 16. Bb4 (16. Be3 Rxc1+ 17. Rxc1 Rc8 18. Rxc8+ Bxc8
19. Nd4 Bxd4 20. Bxd4 Kf8 21. f3 Bb7 22. Kf2 e6 23. dxe6 fxe6 24. Ke3 {Li
Wenliang-Lin Weiguo/PRC-chT/1987/1/2-1/2 (51)}) 16... Kf8 17. Bb5 Nf6 18. Bd3
Bh6 19. Bd2 Bxd2 20. Nxd2 Rxc1+ 21. Rxc1 Rc8 22. Rxc8+ Bxc8 23. f3 e6 24. dxe6
Bxe6 {0-1 Bohnsack,R-Behrmann,J/Baden Baden op (08)/1987 (42)}) 15... Kf8 (
15... e5 16. Rfc1 Na6 17. Bd6 f6 18. Bb5 Bf8 19. Bxf8 Kxf8 20. g4 g5 21. Bd7
Rxc1+ 22. Rxc1 Nc5 23. Bf5 h6 24. Nd2 Bc8 25. Bxc8 Rxc8 26. Nb3 Ke7 {Guerra,
D-Castillo,J/ESP-ch Lleida (01)/1991/1/2-1/2 (71)}) 16. Rfd1 $2 (16. Rfc1 Nd7
$11) 16... Na6 17. Bxa6 (17. Ba3 Rc2 $15) 17... Bxa6 18. e5 (18. Rd2 Bh6 $15)
18... Be2 19. d6 $6 {Piket overestimates the power of the pawn on e7, black
will promptly change white rook. Piket uberschatz die Starke vom e7 Bauern,
Schwarz tauscht sofort weisse Turm.} (19. Re1 Bxf3 20. gxf3 Rc2 21. a4 Ra2 $15)
19... Bxd1 20. dxe7+ Ke8 21. Rxd1 Bh6 $1 22. h4 (22. Ba3 Rc2 23. Nd4 Rxa2 24.
Nb5 (24. Nc6 Rd2 $19) 24... Rxa3 25. Nxa3 Kxe7 $19) 22... Rc1 23. Rxc1 Bxc1 24.
Bd6 (24. Nd4 Bb2 25. Nc6 a6 $19) 24... Rc8 25. g3 (25. Nd4 Kd7 $19) 25... Kd7
26. Nd4 a6 27. Kf1 f6 28. f4 (28. exf6 Kxd6 29. Nc6 Ke6 $1 30. Nd8+ Kd7 $19)
28... fxe5 29. fxe5 Be3 30. Nf3 (30. Nb3 Rc2 $19) 30... Bc5 0-1

[Event "Ciocaltea Memorial"]
[Site "Bucharest"]
[Date "1997.??.??"]
[Round "10"]
[White "Nevednichy, Vladislav"]
[Black "Iordachescu, Viorel"]
[Result "1/2-1/2"]
[WhiteElo "2535"]
[BlackElo "2485"]
[Annotator "Ftacnik,L"]
[PlyCount "73"]
[EventDate "1997.03.??"]
[EventType "tourn"]
[EventRounds "13"]
[EventCountry "ROU"]
[EventCategory "10"]
[SourceTitle "CBM 060"]
[Source "ChessBase"]
[SourceDate "1997.09.29"]
[SourceVersion "1"]
[SourceVersionDate "1997.09.29"]
[SourceQuality "1"]

1. d4 Nf6 2. c4 g6 3. Nc3 d5 4. cxd5 Nxd5 5. e4 Nxc3 6. bxc3 c5 7. Rb1 Bg7 8.
Bb5+ (8. Be3 O-O 9. Qd2 Nc6 10. Nf3 Bg4 11. d5 Bxf3 12. gxf3 Ne5 13. Be2 Qa5
14. O-O Qc7 15. f4 Nd7 16. c4 b6 17. Bf3 Rad8 {Schroeder,U-Horvat,L/Leipzig
VfB op 1995/EXT 95op2/1-0 (36)}) 8... Nc6 (8... Bd7 9. Bxd7+ Qxd7 10. Nf3 Nc6
11. Qb3 O-O 12. O-O cxd4 13. cxd4 Na5 14. Qb4 b6 15. Ba3 Rfd8 16. Rfd1 e6 17.
Qb5 Qxb5 18. Rxb5 Rac8 19. d5 Rc4 20. e5 Re4 21. Bb2 Nc4 22. d6 Nxb2 23. Rxb2
Bxe5 {Dittmann,H-Oertle,M/Wuerzburg op 1991/0-1 (59)}) 9. Ne2 (9. d5 a6 $13)
9... cxd4 10. cxd4 O-O 11. Be3 (11. d5 Ne5 12. O-O a6 $13) 11... Qa5+ 12. Qd2
Qxd2+ 13. Kxd2 Rd8 14. Bxc6 (14. d5 e6 $11) 14... bxc6 15. Rhc1 e5 (15... Ba6
$6 16. Rxc6 Bxe2 17. Kxe2 Bxd4 18. Rb7 $16) 16. Rxc6 exd4 17. Bg5 Re8 (17...
Rd7 18. f3 Bb7 $11) 18. f3 Be6 19. a4 Rab8 20. Rcc1 (20. Rxb8 Rxb8 21. Nf4 Bb3
$11) 20... f5 (20... Rec8 21. Rxc8+ Rxc8 22. Rb7 $14) 21. Ng3 (21. Rxb8 Rxb8
22. Nf4 Bb3 $15) 21... Bf8 22. Bf4 Rxb1 (22... Bb4+ $2 23. Kd3 Rb7 24. Bd6 $14)
23. Rxb1 Rc8 24. exf5 (24. Kd3 Bg7 25. Rb7 Rc3+ 26. Kd2 a5 27. exf5 gxf5 28.
Rb5 Ra3 $132) 24... gxf5 25. Rb8 (25. Rb7 $1 a5 26. Nh5 Bf7 27. Nf6+ Kg7 28.
Nd7 $16) 25... Kf7 26. Rxc8 $2 (26. Rb7+ Kg6 27. Ne2 Bd5 28. Rb8 $16) 26...
Bxc8 27. Be5 (27. Kd3 Bc5 (27... Bg7 28. Bb8 a5 29. Bc7 Ba6+ 30. Kc2 Ke6 31.
Bxa5 Be5 $14) 28. Kc4 Bb6 29. Be5 Ba6+ 30. Kd5 d3 $15) 27... Bc5 28. Ne2 Bb4+
29. Kc2 (29. Kd3 $2 Ba6+) 29... Bd7 30. Kb3 (30. Nxd4 Bxa4+ 31. Kd3 Bd7 $15)
30... d3 $1 31. Kxb4 (31. Nc3 Ke6 32. Kxb4 Kxe5 33. Kc4 d2 34. Kd3 Bxa4 35.
Kxd2 Bc6 $15) 31... dxe2 32. Bc3 Ke6 33. a5 Kd5 34. Kb3 (34. Be1 Kd4 35. Kb3
Kd3 $15) 34... a6 35. Kc2 Kc4 36. Be1 Kd4 37. Kd2 (37. Kd2 Bb5 38. Bf2+ $11)
1/2-1/2